Etelä-Pohjanmaan kunnat - Statistics

Yleistilastot
  • Tätä visaa on pelattu 38 kertaa
  • Keskiarvotulos 13 / 18
Vastaustilastot
Kuntamuoto Nimi % Oikein
maakunnan pääkaupunki Seinäjoki
100%
kaupunki Alavus
94%
kaupunki Ähtäri
81%
kaupunki Alajärvi
81%
kaupunki Kauhava
81%
kaupunki Kurikka
81%
kaupunki Kauhajoki
78%
kaupunki Lapua
78%
kunta Vimpeli
75%
kunta Ilmajoki
72%
kunta Teuva
72%
kunta Karijoki
69%
kunta Kuortane
69%
kunta Isojoki
66%
kunta Evijärvi
63%
kunta Lappajärvi
63%
kunta Soini
59%
kunta Isokyrö
56%
Ehtoja vastaavia visoja ei löytynyt
Tulosjakauma
Jokaisen tuloksen saaneiden osuus
Persentiili vastausten määrän mukaan
Tuloshistoriasi
Et ole pelannut tätä visaa